Biblioteca Parlamentaria
Catálogo en línea

Código Civil (Registro nro. 2409)

000 -CABECERA
Campo de control interno 00400nam a2200169Ia 4500
008 - ELEMENTOS DE LONGITUD FIJA - INFORMACION
Elementos de Longitud Fija - Informaci 141014s9999||||xx |||||||||||||| ||und||
010 ## - LIBRARY OF CONGRESS CONTROL NUMBER
LC control number 2259
020 ## - INTERNATIONAL STANDARD BOOK NUMBER
ISBN SISBN
040 ## - ORIGEN DE LA CATALOGACION
Origen de la Catalogación ANE
041 ## - CODIGO DE LENGUAJE
Código de lenguaje del texto Es
082 ## - NUMERO DE CLASIFICACION DECIMAL DEWEY
1ra. Clasificación 346.9861 C718
100 ## - AUTOR PERSONAL
Autor Personal Tafur González, Alvaro
245 ## - TÍTULO GENERAL
Título Código Civil
Mención del autor Tafur González, Alvaro
250 ## - EDICION
Edición 4ta Ed
260 ## - EDITORIAL
Ciudad Bogota, Colombia
Fecha 1994
Nombre de la Editorial Leyer
300 ## - DESCRIPCION
Número de páginas 669 p
Dimensiones 21 cm
500 ## - NOTA GENERAL
Nota General Índice
650 ## - DESCRIPTORES - TEMAS
Temas - Descriptores Derecho Civil
942 ## - ELEMENTOS DE KOHA
Tipo de Documento Libros
Esquema de Clasificaci
Catalogador Nr.
Existencias
Withdrawn status Lost status Fuente de Clasificaci Damaged status Not for loan Ubicaci Biblioteca Fecha de Adquisición Vía de adquisición Signatura Topogr Código de barras Date last seen Price effective from Tipo de Item
          Biblioteca Asamblea Nacional Biblioteca Asamblea Nacional 2026-04-08 Donación 346.9861 C718 2259 2014-10-14 2014-10-14 Libros
Dirección: Av. 6 de Diciembre y Piedrahita | Quito - Ecuador
Teléfonos: 593-23991000 Ext: 1147/1148
Correo:
archivo.biblioteca@asambleanacional.gob.ec

Soporte: FusionSolutions Cia. Ltda
archivobiblioteca white

Con tecnología Koha